000 00372nam a2200169Ia 4500
001 11210
005 20250626030846.0
008 211022s9999 xx 000 0 und d
082 _a759.1 SID
100 _aSiddiqui, Shakeel
245 0 _aBeyond the Surface
260 _akarachi
260 _bGulmohar Art Gallery
260 _c2003
300 _a20
942 _cARCH
999 _c13087
_d13087